Online
Catalog

Las organizaciones de la sociedad civil : (Record no. 27787)

MARC details
000 -CABECERA
campo de control de longitud fija 02180nam a2200313 a 4500
001 - NÚMERO DE CONTROL
campo de control 000028295
005 - FECHA Y HORA DE LA ÚLTIMA TRANSACCIÓN
campo de control 20260429123223.0
008 - DATOS DE LONGITUD FIJA--INFORMACIÓN GENERAL
campo de control de longitud fija 110407s2010 dr ad 000 0 spa d
020 ## - NÚMERO INTERNACIONAL ESTÁNDAR DEL LIBRO
Número Internacional Estándar del Libro 9789993425977
040 ## - FUENTE DE LA CATALOGACIÓN
Centro catalogador/agencia de origen DO-SdBNP
Lengua de catalogación spa
Centro/agencia transcriptor BNPHU
082 ## - NÚMERO DE LA CLASIFICACIÓN DECIMAL DEWEY
Número de clasificación 302.14
Número de documento/Ítem G643o
100 1# - ENTRADA PRINCIPAL--NOMBRE DE PERSONA
Nombre de persona González Viñas, Roberto
9 (RLIN) 55287
245 14 - MENCIÓN DE TÍTULO
Título Las organizaciones de la sociedad civil :
Resto del título su articulación y relación /
Mención de responsabilidad, etc. Roberto González.
260 ## - PUBLICACIÓN, DISTRIBUCIÓN, ETC.
Lugar de publicación, distribución, etc. Santo Domingo :
Nombre del editor, distribuidor, etc. INTEC,
Lugar de publicación, distribución, etc. 2010.
Fabricante Búho
300 ## - DESCRIPCIÓN FÍSICA
Extensión 96 p. :
Otras características físicas il., tablas ;
Dimensiones 29 cm.
490 1# - MENCIÓN DE SERIE
Mención de serie Sociedad Civil ;
490 1# - MENCIÓN DE SERIE
Mención de serie Documentos de trabajo ;
Designación de volumen o secuencia 17
504 ## - NOTA DE BIBLIOGRAFÍA, ETC.
Nota de bibliografía, etc. Bibliografía : p. 67-69.
505 0# - NOTA DE CONTENIDO CON FORMATO
Información miscelánea Presentación --
Título La Sociedad civil dominicana --
-- Actualización del inventario de las instancias de articulación regional de las OSC --
-- Validación de las necesidades actuales de capacitación de las redes y articulaciones regionales de la sociedad civil --
-- Validación de las necesidades actuales de articulación regional de las OSC --
-- Participación de las articulaciones regionales de OSC en instancias mixtas con el estado para la habilitación y acreditación --
-- Participación de las articulaciones regionales de OSC en instancias mixtas con el estado para la formulación y seguimiento de las políticas sociales --
-- Participación de las articulaciones regionales de OSC en instancias mixtas con el estado para el establecimiento de los Consejos Regionales de Desarrollo --
-- Sugerencias al sistema de capacitación en sitio para los acuerdos y apoyos locales a la articulación --
-- Plan de acción para la consolidación de articulaciones de OSC regionales --
Información miscelánea Bibliografía --
-- Anexos.
590 ## - NOTA LOCAL (RLIN)
Nota local Inventariado, 2018/BT
650 #4 - PUNTO DE ACCESO ADICIONAL DE MATERIA--TÉRMINO DE MATERIA
Término de materia o nombre geográfico como elemento de entrada Sociedad civil
Subdivisión geográfica República Dominicana
9 (RLIN) 14011
650 #4 - PUNTO DE ACCESO ADICIONAL DE MATERIA--TÉRMINO DE MATERIA
Término de materia o nombre geográfico como elemento de entrada Participación social
Subdivisión geográfica República Dominicana
9 (RLIN) 10160
650 #0 - PUNTO DE ACCESO ADICIONAL DE MATERIA--TÉRMINO DE MATERIA
Término de materia o nombre geográfico como elemento de entrada Participación política
9 (RLIN) 456
650 #0 - PUNTO DE ACCESO ADICIONAL DE MATERIA--TÉRMINO DE MATERIA
Término de materia o nombre geográfico como elemento de entrada Organizaciones no-gubernamentales
9 (RLIN) 55191
710 1# - PUNTO DE ACCESO ADICIONAL--NOMBRE DE ENTIDAD CORPORATIVA
Nombre de entidad corporativa o nombre de jurisdicción como elemento de entrada Programa de Fortalecimiento de Organizaciones de la Sociedad Civil (República Dominicana)
9 (RLIN) 55192
830 #0 - PUNTO DE ACCESO ADICIONAL DE SERIE-TÍTULO UNIFORME
Título uniforme Sociedad Civil ;
9 (RLIN) 14016
830 #0 - PUNTO DE ACCESO ADICIONAL DE SERIE-TÍTULO UNIFORME
Título uniforme Documentos de trabajo ;
Número de parte o sección de la obra 18
9 (RLIN) 55288
910 ## - DATOS DE OPCIÓN DEL USUARIO (OCLC)
Datos de opción del usuario Validado. Control de calidad. EMS
Holdings
Estado de retiro Estado de pérdida Restricciones de uso No para préstamo Código de colección Localización permanente Ubicación/localización actual Ubicación en estantería Fecha de adquisición Número de inventario Total de préstamos Signatura topográfica completa Código de barras Fecha visto por última vez Número de copia Precio válido a partir de Tipo de ítem Koha
        Dominicana de Servicio General General Depósito 07.04.2011 LF1   302.14 G643o 28295-30 25.06.2020 e. 3 25.06.2020 Libro y Folleto Colección Dominicana de Servicio
        Dominicana de Servicio General General Depósito 07.06.2013 LF1   302.14 G643o 28295-40 25.06.2020 e. 4 25.06.2020 Libro y Folleto Colección Dominicana de Servicio
        Dominicana de Servicio General General Depósito 08.09.2013 LF1   302.14 G643o 28295-50 25.06.2020 e. 5 25.06.2020 Libro y Folleto Colección Dominicana de Servicio
      Excluido de préstamo Patrimonio Dominicano Patrimonio Dominicano Patrimonio Dominicano Depósito 07.04.2011 LF1   302.14 G643o 28295-10 25.06.2020   25.06.2020 Libro y Folleto Colección Patrimonio Dominicano
      Excluido de préstamo Patrimonio Dominicano Patrimonio Dominicano Patrimonio Dominicano Depósito 07.04.2011 LF1   302.14 G643o 28295-20 25.06.2020 e. 2 25.06.2020 Libro y Folleto Colección Patrimonio Dominicano

Powered by Koha